|
|
|
|
| LEADER |
00638nab a2200145 i 4500 |
| 001 |
delm61480 |
| 005 |
20180927144536.0 |
| 008 |
180927s1960 hu o 0|| hun d |
| 040 |
|
|
|a SZTE Délmagyarország Archívum
|b hun
|
| 041 |
|
|
|a hun
|
| 245 |
0 |
0 |
|a [Az ember tragédiája szereplői]
|h [elektronikus dokumentum] :
|b Pécsi Sándor: Rudolf császár ; Bessenyei Ferenc: Az Úr ; Máthé Erzsi: Hippia ; Kállai Ferenc: Saint Jonst : [fényképek]
|
| 260 |
|
|
|c 1960-08-20
|
| 300 |
|
|
|a 12
|
| 490 |
0 |
|
|a Délmagyarország
|v 50 No. 197
|
| 695 |
|
|
|a Bessenyei Ferenc, Pécsi Sándor, Máthé Erzsi, Kállai Ferenc, Szabadtéri Játékok, Színházi előadás 1960
|